Countries With a D and H - Statistics

General Stats
  • This quiz has been taken 48 times
  • The average score is 6 of 10
Answer Stats
Answer % Correct
Honduras
76%
Netherlands
68%
Bangladesh
66%
Marshall Islands
66%
Thailand
61%
Chad
53%
D.R. Congo
50%
South Sudan
45%
St. Vincent and the Grenadines
39%
North Macedonia
37%
No matching quizzes found
Score Distribution
Percent of People with Each Score
Percentile by Number Answered
Your Score History
You have not taken this quiz